| 000 | 01004nam a22002177a 4500 | ||
|---|---|---|---|
| 005 | 20120614170415.0 | ||
| 008 | 081007t xxu||||| |||| 00| 0 mar | ||
| 010 | _aMAR-22207 | ||
| 020 | _c200.00 | ||
| 035 | _aMR-14865 | ||
| 037 | _bD.B.Act /pub | ||
| 082 | _a920 | ||
| 100 |
_aकाळे, भा.ना. _949115 |
||
| 245 |
_aस्वातंत्र्ययोद्धा : _cभा.ना.काळे _bनेल्सन मंडेला / |
||
| 246 |
_aSwatantrya Yoddha : Nelson Mandela _bby B.N.Kale |
||
| 260 |
_aनागपूर _bज्ञानेश प्रकाशन _c2011 |
||
| 270 |
_a6,नवनिर्माण सोसायटी,प्रतापनगर _bनागपूर _e440022 |
||
| 300 |
_a200पृ _c22सेमी (अजिल्द) |
||
| 942 |
_2ddc _cMR _mकाळेभा _h920 |
||
| 999 |
_c67978 _d67978 |
||